000 01645nam0a22003131 4500
001 v19\rc\1473947
005 20260406145151.0
035 _a(NLR Aleph) 005227217
090 _a5567125
_c5567125
100 _a20060620e18771877|||y0rusy50 ca
101 0 _arus
102 _aRU
105 _ay z |||c|
200 1 _aОчерк исследований, произведенных в Патолого-анатомическом кабинете Казанского университета в 1873 году (во второй половине)
_f[Проф. А. Петров]
210 _aКазань
_cУнив. тип.
_d1877
215 _a253-269 с.
_d24
300 _aАвт. указан в конце текста
309 _aБез тит. л. и обл.
311 _aОтт. из "Изв. и учен. зап. Казан. ун-та". 1877, № 3
488 0 _12001#$aИзвестия и ученые записки Казанского университета$v1877, № 3
_tИзвестия и ученые записки Казанского университета
700 1 _7ca
_8rus
_aПетров
_bА. В.
_cд-р медицины
_f1837-1885
_gАлександр Васильевич
_947338
_3RU\NLR\AUTH\7764409
712 0 2 _aКазанский императорский университет
_bПаталого-анатомический кабинет
_9344849
_3RU\NLR\AUTH\889924519
801 0 _aRU
_bNLR
_c20060620
_gpsbo
801 0 _aRU
_bRuMoRGB
_c20060620
_2psbo
801 1 _aRU
_bProSoft-M
_c20060620
_2rusmarc
801 2 _aRU
_bNLR
_c20080519
_2rusmarc
852 _aNLR
_j18.121.1.315
942 _cBOOK
980 _aNB